Responses for Show #3330 - Friday, February 12, 1999

1999 Tournament of Champions quarterfinal game 5.

Contestants

[<< previous game]

Lance Johnson, a warehouse associate from Champaign, Illinois

John Skelton, an attorney and real estate appraiser from Seattle, Washington

Chris Ward, a foreign service officer from Lima, Peru

[next game >>]

Jeopardy! Round responses

HISTORY OF PASSION
COUPLES
FLOWERS
CHOCOLATE
"LOVE" SONGS
WORDS FOR TWO
    $100 1
(L: Who is Venus de Milo?)

Helen of Troy

ChrisLance
    $100 6
Fred & Wilma Flintstone

Lance
    $100 26
Princess Diana

Lance
    $100 8
Hernando Cortez

John
    $100 7
love & marriage

John
    $100 17
Duet

John
    $200 2
Mahatma Gandhi

Lance
    $200 22
Barbra Streisand & James Brolin

Chris
    $200 27
Violet

Lance
    $200 9
Cadbury

Chris
    $200 10
"Love Me Tender"

Chris
    $200 18
Pair

Chris
    $300 3
Peter Abelard

Chris
    $300 23
Queen Elizabeth II & Prince Philip

Lance
    $500 28
Tulip

Lance
    $300 13
Godiva

Lance
    $300 16
"Love Potion No. 9"

Chris
    $300 19
Twins

John
    $400 4
John Profumo

Chris
    $400 24
Jane Fonda & Ted Turner

Lance
    $400 29
tiger lily

John
    $400 14
Chocolate truffles

Triple Stumper
    $400 11
"She Loves You"

Chris
    $400 20
"Like two peas in a pod"

Lance
    $500 5
Sabine women

Chris
    $500 25
Dolores (Reade) Hope

Triple Stumper
    $500 30
the chrysanthemum

Lance
    $500 15
(L: What is Score?)

Symphony

JohnLance
    $500 12
the "Love Boat"

Lance
    $500 21
Twain

Chris

Scores at the first commercial break (after clue 15):

Chris John Lance
$2,100 $700 $500

Scores at the end of the Jeopardy! Round:

Chris John Lance
$3,300 $1,500 $2,900

Double Jeopardy! Round responses

BIOCHEMISTRY
(Alex: Oh boy!)
1989 FILMS
CORPORATE HISTORIES
JOIN THE CLUB
VALUES
12-LETTER WORDS
    $200 7
Cancer

John
    $200 3
Batman

John
    $200 1
Staples

Chris
    $200 16
Club sandwich

John
    $200 24
Baker's dozen

Lance
    $200 18
Intermission

John
    $400 8
Hemoglobin

Lance
    $400 4
(John: What is videotape?)
(Alex: We need the title.)

sex, lies, and videotape

John
    $400 12
Barnes & Noble

John
    $400 17
Rotary Clubs

Chris
    $400 27
Cube root

John
    $400 19
Bibliography

John
    $600 9
Carbohydrates

Triple Stumper
    $600 5
The Abyss

John
    $600 13
Computers

John
    $1,700 23
(John: Who is ...Pepys?)
...
(Alex: We have a few clues left.)

Samuel Johnson

John
    $600 20
Aromatherapy

John
    $800 10
Helix

Lance
    $800 2
Casualties Of War

Lance
    $800 14
Lever Brothers

Lance
    $800 25
(Alex: We have less than a minute to go, Lance)

Downtown Athletic Club

Triple Stumper
    $800 29
(buzzer sounds)

Pica

Chris
    $800 21
Telecommuter

John
    $500 11
Metabolism

Lance
    $1000 6
(C: What is "Les Liaisons dangereuses?")

Valmont

Chris
Triple Stumper
    $1000 15
Marvel

Lance
    $1000 26
(Alex: Lance, you knew that, select again)
(L: My dad would have my throat for that!)

The Jockey Club

Triple Stumper
    $1000 28
(J: What is a millimeter?)
(C: What is a nanometer?)

Micron/micrometer

ChrisJohnLance
    $1000 22
(C: What is furnituremaking?)
(L: What is cabinetmaking?)

Cabinetmaker

ChrisLance
Triple Stumper

Scores at the end of the Double Jeopardy! Round:

Chris John Lance
$1,700 $3,800 $7,400

Final Jeopardy! Round responses

LITERATURE
[The four wild card slots go to David Bagley, Juliet Wiley, J.J. Todor & John Skelton.]
ChrisWhat is Portuguese?
$1,700
JohnWhat is Portuguese?
$3,699
LanceWhat is Portuguese?
$201
Portuguese

Final scores:

Chris John Lance
$3,400 $7,499 $7,601
3rd place: $2,500, if eliminated 2nd place: $2,500, if eliminated Automatic semifinalist

Game dynamics:

Coryat scores:

Chris John Lance
$1,700 $5,500 $7,700
14 R,
3 W
18 R,
2 W
(including 1 DD)
19 R
(including 2 DDs),
3 W

Combined Coryat: $14,900

[game clues] [game scores] [suggest correction]

Game tape date: 1999-01-05
The J! Archive is created by fans, for fans. Scraping, republication, monetization, and malicious use prohibited; this site may use cookies and collect identifying information. See terms. The Jeopardy! game show and all elements thereof, including but not limited to copyright and trademark thereto, are the property of Jeopardy Productions, Inc. and are protected under law. This website is not affiliated with, sponsored by, or operated by Jeopardy Productions, Inc. Join the discussion at JBoard.tv.